Cube numbers quiz - Statistics

General Stats
  • This quiz has been taken 5,648 times
    5,647 since last reset
  • The average score is 12 of 15
Answer Stats
number cube number % Correct
1 1
100%
2 8
97%
3 27
96%
4 64
94%
5 125
93%
6 216
87%
10 1000
85%
7 343
84%
8 512
82%
9 729
81%
11 1331
74%
12 1728
69%
13 2197
62%
14 2744
60%
15 3375
60%
No matching quizzes found
Score Distribution
Percent of People with Each Score
Percentile by Number Answered
Your Score History
You have not taken this quiz since the last reset